Giáo trình kỹ thuật xử lý chất thải công nghiệp Phục vụ đào tạo kỹ sư chuyên ngành kỹ thuật xử lý CTCN và các ngành khác thuộc đề án "Đưa các nội dung BVMT vào hệ thống GDQD của Bộ Giáo dục và Đào tạo" - MS:B2002-20-24-DAMT

Gồm: Các khái niệm về môi trường; các phương háp xử lý khí thải; xử lý aerosol; xử lý khí thải bằng phương pháp hấp thụ, phương pháp nhiệt và xúc tác; sự phát tán chất thải vào khí quyển; một số hệ thống khí thải đã được đưa vào...

Description complète

Enregistré dans:
Détails bibliographiques
Auteur principal: Nguyễn, Văn Phước
Autres auteurs: Nguyễn, Thị Thanh Phượng
Format: Livre
Langue:Undetermined
Publié: H. Xây dựng 2006
Sujets:
Accès en ligne:http://lrc.tdmu.edu.vn/opac/search/detail.asp?aID=2&ID=29528
Tags: Ajouter un tag
Pas de tags, Soyez le premier à ajouter un tag!
Thư viện lưu trữ: Trung tâm Học liệu Trường Đại học Thủ Dầu Một
LEADER 01525nam a2200229Ia 4500
001 TDMU_29528
008 210410s9999 xx 000 0 und d
082 |a 959.704092 
090 |b NG527 
100 |a Nguyễn, Văn Phước 
245 0 |a Giáo trình kỹ thuật xử lý chất thải công nghiệp 
245 0 |b Phục vụ đào tạo kỹ sư chuyên ngành kỹ thuật xử lý CTCN và các ngành khác thuộc đề án "Đưa các nội dung BVMT vào hệ thống GDQD của Bộ Giáo dục và Đào tạo" - MS:B2002-20-24-DAMT 
245 0 |c Nguyễn Văn Phước, Nguyễn Thị Thanh Phượng 
260 |a H. 
260 |b Xây dựng 
260 |c 2006 
300 |a 360 tr 
520 |a Gồm: Các khái niệm về môi trường; các phương háp xử lý khí thải; xử lý aerosol; xử lý khí thải bằng phương pháp hấp thụ, phương pháp nhiệt và xúc tác; sự phát tán chất thải vào khí quyển; một số hệ thống khí thải đã được đưa vào thực tế;... ; TM tài liệu tham khảo tr. 355 
650 |a Bảo vệ môi trường; Chất thải công nghiệp  |x Kỹ thuật xử lý 
700 |a Nguyễn, Thị Thanh Phượng 
856 |u http://lrc.tdmu.edu.vn/opac/search/detail.asp?aID=2&ID=29528 
980 |a Trung tâm Học liệu Trường Đại học Thủ Dầu Một